Normal view MARC view
  • Moreno Arcuri, Griselda

Entry Nombre Personal

Number of records used in: 1

001 - NUMERO DE CONTROL

  • campo de control: 53766

003 - IDENTIFICADOR DE NUMERO DE CONTROL

  • campo de control: MX-MxUPN

005 - FECHA Y HORA DE LA ÜLTIMA TRANSACCIÓN

  • campo de control: 20240927121835.0

008 - DATOS DE LONGITUD FIJA

  • campo de control de longitud fija: 240927|| aca||aabn | aaa d

040 ## - FUENTE DE CATALOGACIÓN

  • Agencia original de catalogación: MX-MxUPN
  • Lenguaje de catalogación: spa
  • Agencia de transcripción: MX-MxUPN

100 1# - ENCABEZAMIENTO - NOMBRE PERSONAL

  • Nombre personal: Moreno Arcuri, Griselda

670 ## - FUENTE EN LA QUE SE LOCALIZARON DATOS

  • Cita de la fuente: Ciencias I : (énfasis en biología) : guía de trabajo, 2006:
  • Información localizada: página legal (Griselda Moreno Arcuri)

902 ## - CATALOGADOR

  • Catalogador: Víctor Ruiz/270924